000 00236nam a2200097Ia 4500
001 789421
005 20250826170418.0
008 250824s9999 xx 000 0 und d
245 0 _aSARI GELİN
_cORHAN YENİARAS
260 _bPANAMA YAYINLARI
999 _c789421
_d789421